[Event "Fouesnant op 15th"]
[Site "Fouesnant"]
[Date "2009.10.31"]
[Round "9"]
[White "Liauzu, Serge"]
[Black "Fournel, Didier"]
[Result "1/2-1/2"]
[WhiteElo "1607"]
[BlackElo "1733"]
[PlyCount "84"]
[EventDate "2009.10.26"]
[EventType "swiss"]
[EventRounds "9"]
[EventCountry "FRA"]
[SourceTitle "EXT 2010"]
[Source "ChessBase"]
[SourceDate "2010.11.25"]
[SourceVersion "1"]
[SourceVersionDate "2010.11.25"]
[SourceQuality "1"]

1. d4 d5 2. Bf4 Nf6 3. Nf3 e6 4. e3 c5 5. Bxb8 Rxb8 6. Be2 Bd6 7. 0-0 Qc7 8. h3 0-0 9. Na3 a6 10. c4 Qe7 11. Nc2 b6 12. cxd5 exd5 13. Re1 c4 14. b3 b5 15. Nh2 Bf5 16. Ng4 Bxg4 17. hxg4 h6 18. Bf3 Ne4 19. Bxe4 Qxe4 20. g3 Rfe8 21. Re2 Qe7 22. Ne1 Qg5 23. Rc2 Bb4 24. Ng2 Bd6 25. Qf3 Re4 26. Re1 Qxg4 27. Qxg4 Rxg4 28. Nf4 Bxf4 29. exf4 Rg6 30. Re5 Rd6 31. Kg2 Rbd8 32. Kf3 Re6 33. g4 Rxe5 34. fxe5 Kf8 35. b4 Re8 36. a3 Re6 37. Kg3 f6 38. f4 fxe5 39. fxe5 Rg6 40. Kf4 Ke7 41. Kf5 Rc6 42. Rc3 Z0 1/2-1/2

[Event "Fouesnant op 15th"]
[Site "Fouesnant"]
[Date "2009.10.29"]
[Round "7"]
[White "Liauzu, Serge"]
[Black "Collin, Jean Philippe"]
[Result "0-1"]
[WhiteElo "1607"]
[BlackElo "1690"]
[PlyCount "73"]
[EventDate "2009.10.26"]
[EventType "swiss"]
[EventRounds "9"]
[EventCountry "FRA"]
[SourceTitle "EXT 2010"]
[Source "ChessBase"]
[SourceDate "2010.11.25"]
[SourceVersion "1"]
[SourceVersionDate "2010.11.25"]
[SourceQuality "1"]

1. d4 d5 2. e3 Nf6 3. Bd3 Nc6 4. Nf3 Bg4 5. Nbd2 e5 6. dxe5 Nxe5 7. a3 Nxd3+ 8. cxd3 c6 9. Qc2 Bd6 10. 0-0 0-0 11. e4 dxe4 12. dxe4 Re8 13. Re1 Bf4 14. Qc3 Qc7 15. g3 Bh6 16. b4 Rad8 17. Nf1 Bxc1 18. Raxc1 Rxe4 19. N1d2 Ree8 20. b5 Bxf3 21. Nxf3 Rxe1+ 22. Nxe1 Rc8 23. Nd3 Ne8 24. a4 cxb5 25. Qe1 Qd8 26. Rxc8 Qxc8 27. axb5 Qd7 28. Qe5 f6 29. Qe3 Qxb5 30. Qe6+ Kf8 31. Nf4 Qc6 32. Qe3 Nc7 33. Qa3+ Kg8 34. Qe7 g5 35. Nh5 Ne8 36. Ng7 Nxg7 37. Qd8+ 0-1

[Event "Fouesnant op 15th"]
[Site "Fouesnant"]
[Date "2009.10.25"]
[Round "3"]
[White "Toux, Stephane"]
[Black "Liauzu, Serge"]
[Result "0-1"]
[WhiteElo "1880"]
[BlackElo "1607"]
[PlyCount "30"]
[EventDate "2009.10.26"]
[EventType "swiss"]
[EventRounds "9"]
[EventCountry "FRA"]
[SourceTitle "EXT 2010"]
[Source "ChessBase"]
[SourceDate "2010.11.25"]
[SourceVersion "1"]
[SourceVersionDate "2010.11.25"]
[SourceQuality "1"]

1. e4 c6 2. d4 d5 3. Nc3 dxe4 4. Nxe4 Nf6 5. Ng3 e6 6. Nf3 Bd6 7. Bd3 Nbd7 8. 0-0 0-0 9. c4 e5 10. Qe1 exd4 11. Nxd4 Ne5 12. Ndf5 Bxf5 13. Nxf5 Nxd3 14. Nxd6 Nxe1 15. c5 Ne4 0-1

[Event "Rennes op 2nd"]
[Site "Rennes"]
[Date "2009.07.17"]
[Round "3"]
[White "Spoone, John Paul"]
[Black "Liauzu, Serge"]
[Result "1-0"]
[WhiteElo "1770"]
[BlackElo "1643"]
[PlyCount "77"]
[EventDate "2009.07.15"]
[EventType "swiss"]
[EventRounds "9"]
[EventCountry "FRA"]
[SourceTitle "EXT 2011"]
[Source "ChessBase"]
[SourceDate "2010.11.26"]
[SourceVersion "1"]
[SourceVersionDate "2010.11.26"]
[SourceQuality "1"]

1. Nf3 d5 2. g3 Nf6 3. Bg2 e6 4. 0-0 Bd6 5. d3 0-0 6. Nbd2 c6 7. Re1 e5 8. e4 Bg4 9. h3 Bxf3 10. Qxf3 Nbd7 11. Nf1 h6 12. Ne3 dxe4 13. dxe4 Nc5 14. Nf5 Qc7 15. Bxh6 gxh6 16. Qe3 Ng4 17. hxg4 f6 18. Qxh6 Rf7 19. Rad1 Bf8 20. Qe3 Rh7 21. Bf1 b5 22. Kg2 Ne6 23. Qb3 Re8 24. a4 a6 25. axb5 cxb5 26. c4 Kh8 27. cxb5 Qb6 28. Bc4 Ng5 29. bxa6 Rh2+ 30. Kxh2 Qxf2+ 31. Kh1 Nf3 32. Re2 Qc5 33. a7 Rd8 34. Bd5 Rd7 35. Qxf3 Qxa7 36. Rh2+ Rh7 37. Rxh7+ Kxh7 38. Qe3 Bc5 39. Qh6# 1-0

[Event "Fouesnant op 14th"]
[Site "Fouesnant"]
[Date "2008.10.31"]
[Round "8"]
[White "Liauzu, Serge"]
[Black "Collin, Jean Philippe"]
[Result "0-1"]
[WhiteElo "1610"]
[BlackElo "1709"]
[PlyCount "110"]
[EventDate "2008.10.25"]
[EventType "swiss"]
[EventRounds "9"]
[EventCountry "FRA"]
[SourceTitle "EXT 2009"]
[Source "ChessBase"]
[SourceDate "2008.11.26"]
[SourceVersion "1"]
[SourceVersionDate "2008.11.26"]
[SourceQuality "1"]

1. Nf3 d5 2. d4 Nf6 3. Bf4 Nbd7 4. Nc3 c5 5. Nb5 Qa5+ 6. Nc3 Ne4 7. Bd2 Nxd2 8. Qxd2 e6 9. e3 c4 10. a3 b5 11. Na2 Qb6 12. c3 a5 13. Be2 b4 14. cxb4 axb4 15. 0-0 bxa3 16. Rfb1 axb2 17. Rxb2 Qa5 18. Qc2 Bd6 19. Rbb1 0-0 20. Ng5 g6 21. h4 e5 22. f3 exd4 23. exd4 Nf6 24. Qc1 Qc7 25. Nc3 Bh2+ 26. Kh1 Rxa1 27. Rxa1 Qg3 28. Qe1 Qf4 29. g4 Bg3 30. Nh3 Bxe1 31. Nxf4 Bxc3 32. Rd1 Re8 33. Bf1 Re3 34. Kg2 Re1 35. Be2 Rxd1 36. Bxd1 Bxd4 37. g5 Be5 38. Nh3 Nh5 39. Nf2 Nf4+ 40. Kf1 c3 41. Bc2 Bf5 42. Bxf5 gxf5 43. Ke1 Bd4 44. Nd1 c2 45. Kd2 cxd1Q+ 46. Kxd1 Bf2 47. Kd2 d4 48. Kd1 d3 49. Kd2 Kg7 50. Kd1 Be3 51. Ke1 Bc1 52. g6 fxg6 53. h5 d2+ 54. Kd1 Nd5 55. f4 Ne3+ 0-1